Affrontez l'Alphabet #7 - Statistiques

Statistiques générales
  • Ce quiz a été pris 109 fois
  • Le résultat moyen est 7 sur 11
Statistiques - réponses
Hint Réponse % Correct
Donne les 2 lettres manquantes du tableau d'Édouard Manet ci-dessous achevé en 1863, d'abord intitulé Le Bain, puis La Partie carrée : Le _é_euner sur l'herbe
DJ / JD
100%
Donne les 2 lettres manquantes dans le nom de cet instrument de musique en photo : le _ _lophone
XY / YX
99%
Donne les 2 lettres manquantes dans le nom du roman de l'écrivain américain Herman Melville paru en 1851, dont le titre provient du surnom donné à un grand cachalot au centre de l'intrigue : Mo_y-Dic_ BK / KB
90%
Donne les 2 lettres qui complètent la traduction de nuit en espagnol : La no_ _e CH /HC
88%
Donne les 2 lettres manquantes dans le nom du 135e long-métrage d'animation et le 55e « Classique d'animation » des studios Disney, gros succès au box office de l'année 2016 : _oo_opie
ZT / TZ
88%
Donne les 2 lettres qui complètent le nom du composé organomercuriel de formule générale Hg(CNO)2 qui est un explosif très sensible aux chocs et frottements (grossièrement utilisé dans cette sublime scène de Breaking Bad) : le _ulmi_ate de mercure
FN / NF
56%
Donne les 2 lettres manquantes dans le nom du modèle de la voiture de cet extrait de Starsky & Hutch : La Ford Gran To_ _ no
RI / IR
53%
Donne les 2 lettres qui complètent le nom de cette ancienne province française, en illustration ci-dessous au XVIIIe siècle avec les communes actuelles : L'_ngou_ois
AM / MA
36%
Donne les 2 lettres manquantes dans le nom de cette série TV de science-fiction militaire de 214 épisodes (1997-2007) : Stargate _ _-1
SG / GS
27%
Donne les 2 lettres manquantes dans le nom de ce cocktail à base de rhum, citron vert, menthe et champagne : Le _ld C_ban
OU / UO
24%
Dernière Question : Donne la lettre manquante dans le nom de cette franchise de Hockey sur Glace basé à détroit qui vient de marquer : Les Red _ings
W
23%
Aucun quiz correspondant
Distribution des résultats
% des personnes avec chaque résultat
Percentile par nombre de réponses
Votre historique - résultats
Vous n’avez pas pris ce quiz